Statistics for US State Abbreviations without Vowels

Click here to take the quiz!

General Stats

  • This quiz has been taken 110 times
  • The average score is 16 of 22

Answer Stats

Abbreviation% Correct
FL
86%
ND
82%
SD
82%
NC
80%
NY
80%
SC
80%
MN
78%
TX
78%
NM
76%
WY
72%
MS
71%
MT
71%
NH
71%
TN
67%
VT
67%
CT
66%
KY
66%
NV
62%
NJ
61%
WV
61%
MD
58%
KS
57%

Score Distribution

Percentile by Number Answered

Percent of People with Each Score

Your Score History

You have not taken this quiz